| Tag |
First Indicator |
Second Indicator |
Subfields |
| LEADER |
00000cam a2200000 i 4500 |
| 001 |
in00004058921 |
| 005 |
20190718163019.0 |
| 008 |
181001s2019 enka b 001 0 eng |
| 010 |
|
|
|a 2018035930
|
| 020 |
|
|
|a 9781138385252
|q hardcover
|
| 020 |
|
|
|a 1138385255
|q hardcover
|
| 020 |
|
|
|a 9781138385269
|q paperback
|
| 020 |
|
|
|a 1138385263
|q paperback
|
| 020 |
|
|
|z 9780429427176
|q electronic book
|
| 035 |
|
|
|a (OCoLC)on1056202145
|
| 040 |
|
|
|a DLC
|e rda
|c DLC
|d UtOrBLW
|
| 049 |
|
|
|a TXAM
|
| 050 |
0 |
0 |
|a N345
|b .G45 2019
|
| 082 |
0 |
0 |
|a 701/.03
|2 23
|
| 100 |
1 |
|
|a Gilbert, Bill,
|d 1950-
|e author.
|0 http://id.loc.gov/authorities/names/n2008048850
|
| 245 |
1 |
0 |
|a Arts programming for the anthropocene :
|b art in community and environment /
|c Bill Gilbert with Anicca Cox ; drawings and illustrations by Erika Osborne.
|
| 264 |
|
1 |
|a London ;
|a New York :
|b Routledge,
|c 2019.
|
| 300 |
|
|
|a xxv, 247 pages :
|b illustrations ;
|c 24 cm.
|
| 336 |
|
|
|a text
|b txt
|2 rdacontent
|
| 337 |
|
|
|a unmediated
|b n
|2 rdamedia
|
| 338 |
|
|
|a volume
|b nc
|2 rdacarrier
|
| 490 |
1 |
|
|a Routledge environmental humanities
|
| 504 |
|
|
|a Includes bibliographical references and index.
|
| 650 |
|
0 |
|a Art
|x Study and teaching (Higher)
|
| 650 |
|
0 |
|a Artists and community.
|0 http://id.loc.gov/authorities/subjects/sh85008298
|
| 650 |
|
0 |
|a Art and society.
|0 http://id.loc.gov/authorities/subjects/sh85007975
|
| 700 |
1 |
|
|a Cox, Anicca,
|e author.
|
| 830 |
|
0 |
|a Routledge environmental humanities.
|0 http://id.loc.gov/authorities/names/no2014110543
|
| 945 |
|
|
|b 980011
|
| 947 |
|
|
|a A14850742751
|
| 948 |
|
|
|a cataloged
|b h
|c 2019/4/15
|d c
|e dmitchel
|f 11:20:10 am
|
| 994 |
|
|
|a 92
|b TXA
|
| 999 |
f |
f |
|s a74ed18e-0dd9-3454-b8e0-fe0fb37e9ea5
|i 63c70813-0114-3bf7-a170-3493c126e628
|t 0
|
| 952 |
f |
f |
|p normal
|a Texas A&M University
|b College Station
|c Sterling C. Evans Library
|d Evans: Library Stacks
|t 0
|e N345 .G45 2019
|h Library of Congress classification
|i unmediated -- volume
|m A14850742751
|
| 998 |
f |
f |
|a N345 .G45 2019
|t 0
|l Evans: Library Stacks
|